Pokémon de la huitième génération (810 à 905) - Statistiques

Statistiques générales
  • Ce quiz a été pris 212 fois
  • Le résultat moyen est 77 sur 96
Statistiques - réponses
Pokémon % Correct
810 Ouistempo
99%
815 Pyrobut
99%
889 Zamazenta
99%
816 Larméléon
98%
888 Zacian
98%
811 Badabouin
97%
823 Corvaillus
97%
890 Éthernatos
95%
813 Flambino
95%
814 Lapyro
95%
818 Lézargus
95%
822 Bleuseille
94%
812 Gorythmic
94%
821 Minisange
93%
831 Moumouton
93%
817 Arrozard
91%
832 Moumouflon
91%
887 Lanssorien
89%
895 Regidrago
89%
897 Spectreval
89%
896 Blizzeval
88%
851 Scolocendre
88%
892 Shifours
88%
837 Charbi
86%
884 Duralugon
86%
819 Rongourmand
86%
820 Rongrigou
86%
898 Sylveroy
86%
838 Wagomine
86%
862 Ixon
85%
894 Regieleki
85%
858 Sorcilence
85%
861 Angoliath
84%
850 Grillepattes
84%
839 Monthracite
84%
886 Dispareptil
83%
885 Fantyrm
83%
859 Grimalin
83%
882 Hydragon
82%
834 Torgamord
82%
891 Wushours
82%
893 Zarude
82%
856 Bibichut
81%
883 Hydragla
81%
830 Blancoton
80%
857 Chapotus
80%
826 Astronelle
78%
869 Charmilly
78%
825 Coléodôme
78%
865 Palarticho
78%
829 Tournicoton
78%
868 Crèmy
77%
881 Galvagla
77%
880 Galvagon
77%
833 Khélocrok
77%
877 Morpeko
77%
835 Voltoutou
77%
860 Fourbelin
76%
824 Larvadar
76%
873 Beldeneige
75%
836 Fulgudog
75%
841 Pomdrapi
75%
849 Salarsen
75%
875 Bekaglaçon
74%
863 Berserkatt
74%
900 Hachécateur
74%
853 Krakos
74%
852 Poulpaf
74%
828 Roublenard
74%
848 Toxizap
74%
840 Verpom
74%
874 Dolman
73%
842 Dratatin
73%
872 Frissonille
73%
870 Hexadron
73%
902 Paragruel
73%
901 Ursaking
72%
903 Farfurex
70%
879 Pachyradjah
70%
854 Théffroi
70%
878 Charibari
69%
827 Goupilou
69%
905 Amovénus
68%
899 Cerbyllin
68%
846 Embrochet
68%
866 M. Glaquette
68%
855 Polthégeist
68%
867 Tutétékri
68%
847 Hastacuda
67%
871 Wattapik
66%
904 Qwilpik
64%
845 Nigosier
63%
864 Corayôme
61%
844 Dunaconda
61%
843 Dunaja
61%
876 Wimessir
53%
Aucun quiz correspondant
Distribution des résultats
% des personnes avec chaque résultat
Percentile par nombre de réponses
Votre historique - résultats
Vous n’avez pas pris ce quiz